ရဟန်းကျင့်ဖွယ်၂၂၇သွယ်သိက္ခာပုဒ်များ / (Record no. 16883)

000 -LEADER
fixed length control field 01016nam a2200205Ia 4500
003 - CONTROL NUMBER IDENTIFIER
control field OSt
005 - DATE AND TIME OF LATEST TRANSACTION
control field 20241120161134.0
007 - PHYSICAL DESCRIPTION FIXED FIELD--GENERAL INFORMATION
fixed length control field ca aa aaaaa
008 - FIXED-LENGTH DATA ELEMENTS--GENERAL INFORMATION
fixed length control field 201103s9999 xx 000 0 und d
040 ## - CATALOGING SOURCE
Transcribing agency SSBUL
041 ## - LANGUAGE CODE
Language code of text/sound track or separate title bur
082 ## - DEWEY DECIMAL CLASSIFICATION NUMBER
Edition number 23
Classification number ၂၉၄.၃၈၂၂ ရ
Item number ၉၃၇၄(၁) S-SAT
245 00 - TITLE STATEMENT
Title ရဟန်းကျင့်ဖွယ်၂၂၇သွယ်သိက္ခာပုဒ်များ /
Statement of responsibility, etc. လာအိုနိုင်ငံဆိုင်ရာမြန်မာသံရုံး။
260 ## - PUBLICATION, DISTRIBUTION, ETC.
Place of publication, distribution, etc. ဗီယန်ရှင်း ၊
Name of publisher, distributor, etc. လာအိုနိုင်ငံဆိုင်ရာမြန်မာသံရုံး၊
Date of publication, distribution, etc. ၁၉၉၉။
300 ## - PHYSICAL DESCRIPTION
Extent ၁၁၅ စာမျက်နှာ ၊
Dimensions ၁၅ စင်တီ။
500 ## - GENERAL NOTE
General note မြန်မာ-လာအို-အင်္ဂလိပ်(၃)ဘာသာဖြင့်ရေးသားထားသည်။
General note S-SAT: Dr. Sai Aung Tun
650 ## - SUBJECT ADDED ENTRY--TOPICAL TERM
Topical term or geographic name entry element ဝိနည်း
942 ## - ADDED ENTRY ELEMENTS (KOHA)
Source of classification or shelving scheme
Koha item type Book (Short term)
Holdings
Withdrawn status Lost status Source of classification or shelving scheme Damaged status Not for loan Collection code Permanent Location Current Location Shelving location Date acquired Total Checkouts Full call number Barcode Date last seen Price effective from Koha item type Accession
          Special Collections Shan State Buddhist University Library Shan State Buddhist University Library Special Collection Shelves 15/02/2023   ၂၉၄.၃၈၂၂ ရ ၉၃၇၄(၁) S-SAT MB00009374 15/02/2023 15/02/2023 Book (Short term) ၉၃၇၄(၁) S-SAT
          Special Collections Shan State Buddhist University Library Shan State Buddhist University Library Special Collection Shelves 20/11/2024   ၂၉၄.၃၈၂၂ ရ ၉၃၇၅(၂) S-SAT MB00009375 20/11/2024 15/02/2023 Book (Short term) ၉၃၇၅(၂) S-SAT

Library - 09407999929
Admin Office - 09407999979
Dean Office - 09250910768
Registrar Office - 09892297154
Email - [email protected]
Shan State Buddhist University, Phaya Phyu Taunggyi, Shan State, Myanmar.